[Event "SRB-ch sf"]
[Site "Senta"]
[Date "2025.05.06"]
[Round "2"]
[White "Rabrenovic, Vladan"]
[Black "Djordjevic, Lazar"]
[Result "1-0"]
[WhiteElo "2188"]
[BlackElo "1908"]
[PlyCount "75"]
[EventDate "2025.05.05"]
[EventType "swiss"]
[EventRounds "9"]
[EventCountry "SRB"]
[SourceTitle "CB20_2025"]
[SourceDate "2025.05.14"]
[SourceVersion "1"]
[SourceVersionDate "2025.05.14"]
[SourceQuality "1"]

1. d4 Nf6 2. Nf3 d5 3. Bf4 c5 4. e3 Nc6 5. c3 Qb6 6. Qb3 c4 7. Qc2 Qa5 8. Nbd2 Bg4 9. Be2 e6 10. 0-0 Be7 11. h3 Bf5 12. Qc1 Ne4 13. Nxe4 Bxe4 14. Nd2 Bg6 15. e4 Qd8 16. Bf3 0-0 17. Re1 Bg5 18. Bxg5 Qxg5 19. exd5 exd5 20. Nf1 Qd8 21. Ne3 Ne7 22. b3 cxb3 23. axb3 a6 24. Qa3 Rc8 25. c4 dxc4 26. bxc4 Nc6 27. Bxc6 Rxc6 28. d5 Rc8 29. c5 Re8 30. Red1 Qd7 31. Rac1 f6 32. c6 bxc6 33. dxc6 Qa7 34. Rd7 Rc7 35. Qd6 Rec8 36. Qe6+ Kh8 37. Rcd1 h6 38. Qe7 1-0

[Event "SRB-ch sf"]
[Site "Paracin"]
[Date "2024.02.10"]
[Round "8"]
[White "Rabrenovic, Vladan"]
[Black "Jocev, Milan"]
[Result "0-1"]
[WhiteElo "2199"]
[BlackElo "2303"]
[PlyCount "52"]
[EventDate "2024.02.05"]
[EventType "swiss"]
[EventRounds "9"]
[EventCountry "SRB"]
[SourceTitle "CBM 218 Extra"]
[Source "ChessBase"]
[SourceDate "2024.03.31"]
[SourceVersion "1"]
[SourceVersionDate "2024.03.31"]
[SourceQuality "1"]

1. d4 d5 2. c4 c6 3. cxd5 cxd5 4. Nc3 Nf6 5. Bf4 Nc6 6. e3 Bf5 7. Qb3 Na5 8. Bb5+ Bd7 9. Qa4 Nc6 10. Nf3 a6 11. Bxc6 Bxc6 12. Qb3 e6 13. Bg5 Qa5 14. Ne5 Bb5 15. f3 Bd6 16. Kf2 0-0 17. Bf4 Rac8 18. Ng6 fxg6 19. Bxd6 Rxc3 20. bxc3 Ne4+ 21. Ke1 Nxd6 22. a4 Bc4 23. Qb4 Qd8 24. Kd2 Qh4 25. g3 Qh3 26. Rag1 Nf7 0-1

[Event "Skopje op-A"]
[Site "Skopje"]
[Date "2023.12.12"]
[Round "9"]
[White "Rabrenovic, Vladan"]
[Black "Todev, Simeon"]
[Result "1-0"]
[WhiteElo "2207"]
[BlackElo "1999"]
[PlyCount "95"]
[EventDate "2023.12.06"]
[EventType "swiss"]
[EventRounds "9"]
[EventCountry "MKD"]
[SourceTitle "EXT 2025"]
[Source "ChessBase"]
[SourceDate "2024.10.14"]
[SourceVersion "1"]
[SourceVersionDate "2024.10.14"]
[SourceQuality "1"]

1. d4 d5 2. c4 c6 3. cxd5 cxd5 4. Bf4 Nc6 5. e3 Nf6 6. Nc3 Bf5 7. Qb3 Qd7 8. Nf3 e6 9. Ne5 Qc8 10. Nxc6 bxc6 11. h3 Qd7 12. Rc1 Bd6 13. Bxd6 Qxd6 14. Na4 0-0 15. Be2 Ne4 16. Nc5 e5 17. Nxe4 Bxe4 18. 0-0 exd4 19. exd4 Qg6 20. Bf3 Bf5 21. Kh1 Rfb8 22. Qc3 Rb6 23. b3 Qf6 24. Rfe1 h6 25. Re3 Rab8 26. Rce1 Be6 27. Re5 Qf4 28. g3 Qf6 29. Kg2 Rb4 30. h4 a5 31. Bd1 a4 32. Bc2 axb3 33. axb3 R4b7 34. h5 Kf8 35. R1e3 Qe7 36. Qd3 Ke8 37. Qh7 Qf8 38. Bf5 Rxb3 39. Bxe6 Rxe3 40. Rxe3 fxe6 41. Rf3 Qxf3+ 42. Kxf3 Rb3+ 43. Kf4 Kf8 44. Qc2 Rb7 45. Qxc6 Rf7+ 46. Ke5 Rxf2 47. Qc8+ Kf7 48. Qxe6+ 1-0

[Event "Skopje op-A"]
[Site "Skopje"]
[Date "2023.12.10"]
[Round "6"]
[White "Nikolaev, Georgi1"]
[Black "Rabrenovic, Vladan"]
[Result "1/2-1/2"]
[WhiteElo "2042"]
[BlackElo "2207"]
[PlyCount "102"]
[EventDate "2023.12.06"]
[EventType "swiss"]
[EventRounds "9"]
[EventCountry "MKD"]
[SourceTitle "CBM 217 Extra"]
[Source "ChessBase"]
[SourceDate "2024.01.31"]
[SourceVersion "1"]
[SourceVersionDate "2024.01.31"]
[SourceQuality "1"]

1. e4 d6 2. d4 Nf6 3. Bd3 e5 4. c3 g6 5. f4 Bg7 6. Nf3 exd4 7. cxd4 0-0 8. Nc3 c5 9. dxc5 dxc5 10. e5 Nd5 11. Nxd5 Qxd5 12. Qe2 Nc6 13. Be4 Qd7 14. Be3 b6 15. 0-0 Bb7 16. Rfd1 Qc7 17. Rd6 Rfd8 18. Rad1 Bf8 19. Rxd8 Rxd8 20. Rxd8 Nxd8 21. Bxb7 Qxb7 22. Qd3 Ne6 23. Nd2 Be7 24. Ne4 Qc6 25. b3 Nc7 26. Nc3 b5 27. f5 c4 28. bxc4 bxc4 29. Qd4 gxf5 30. Qxa7 f4 31. Qb6 Qd7 32. Qd4 Qxd4 33. Bxd4 Ne6 34. Bb6 Kg7 35. a4 Kg6 36. Kf2 Kf5 37. a5 Bc5+ 38. Bxc5 Nxc5 39. Ke2 Kxe5 40. Nb5 Kd5 41. Na3 Kd4 42. Nb5+ Kd5 43. Na3 c3 44. Kd1 Nd3 45. a6 Kc6 46. Kc2 Ne1+ 47. Kxc3 Nxg2 48. Kd3 f3 49. Nc4 f6 50. Nd2 Nh4 51. Ke3 Kb6 1/2-1/2

[Event "EU-ch 23rd"]
[Site "Vrnjacka Banja"]
[Date "2023.03.10"]
[Round "8"]
[White "Braun, Christian1"]
[Black "Rabrenovic, Vladan"]
[Result "1/2-1/2"]
[WhiteElo "2449"]
[BlackElo "2223"]
[PlyCount "70"]
[EventDate "2023.03.03"]
[EventType "swiss"]
[EventRounds "11"]
[EventCountry "SRB"]
[SourceTitle "CBM 213"]
[Source "ChessBase"]
[SourceDate "2023.04.30"]
[SourceVersion "1"]
[SourceVersionDate "2023.04.30"]
[SourceQuality "1"]

1. Nf3 d6 2. g3 g6 3. Bg2 Bg7 4. 0-0 e5 5. d3 Ne7 6. e4 0-0 7. c3 c5 8. a3 b6 9. Re1 Nbc6 10. b4 a6 11. Be3 h6 12. Nbd2 Be6 13. Nb3 Rc8 14. Rb1 Kh7 15. Nfd2 cxb4 16. axb4 d5 17. Nf3 d4 18. cxd4 exd4 19. Bd2 Qd6 20. Nc1 Na7 21. Bf4 Qd7 22. Ra1 Nb5 23. Qa4 Ra8 24. Ne2 Nc6 25. Rec1 Nc3 26. Nxc3 dxc3 27. e5 b5 28. Qa3 a5 29. Qxc3 Nxb4 30. Qd4 Nxd3 31. Qxd7 Bxd7 32. Rc7 Nxf4 33. gxf4 Be6 34. Nd4 Rfd8 35. Nxe6 fxe6 1/2-1/2

[Event "SRB-ch sf"]
[Site "Novi Banovci"]
[Date "2023.02.09"]
[Round "5"]
[White "Rabrenovic, Vladan"]
[Black "Gusev, Mikhail"]
[Result "0-1"]
[WhiteElo "2229"]
[BlackElo "2021"]
[PlyCount "118"]
[EventDate "2023.02.06"]
[EventType "swiss"]
[EventRounds "9"]
[EventCountry "SRB"]
[SourceTitle "CBM 212 Extra"]
[Source "ChessBase"]
[SourceDate "2023.03.31"]
[SourceVersion "1"]
[SourceVersionDate "2023.03.31"]
[SourceQuality "1"]

1. d4 Nf6 2. c4 e6 3. Nc3 Bb4 4. g3 0-0 5. Bg2 d5 6. Nf3 dxc4 7. 0-0 Nc6 8. a3 Be7 9. e4 Na5 10. Be3 Nb3 11. Rb1 c5 12. dxc5 Nxc5 13. Qxd8 Rxd8 14. Bxc5 Bxc5 15. Ne5 b6 16. Nc6 Rd3 17. e5 Nd5 18. Ne4 Ba6 19. Nxc5 bxc5 20. Rfc1 Kf8 21. Bf1 Rc8 22. Bxd3 cxd3 23. Rxc5 Bb7 24. Rd1 Rxc6 25. Rxc6 Bxc6 26. Rxd3 Ke7 27. f3 Nb6 28. Kf2 Nc4 29. f4 Nxb2 30. Rd4 a5 31. Rd6 Bd7 32. Ra6 Nc4 33. Kf3 a4 34. Ke4 Nxa3 35. Kd4 Nb5+ 36. Kc5 Nc3 37. Kd4 Nd5 38. Kc5 f6 39. exf6+ Kxf6 40. Kd6 Bb5 41. Ra5 Nc3 42. Kc5 Be8 43. Ra8 Ke7 44. Kd4 Nb5+ 45. Ke5 a3 46. Ra6 Bd7 47. g4 h5 48. gxh5 Kd8 49. f5 exf5 50. Kf4 Kc7 51. Kg5 Kb7 52. Ra4 Be6 53. Kg6 a2 54. Kxg7 Bb3 55. Rxa2 Bxa2 56. h6 Nd6 57. Kf6 f4 58. Ke5 f3 59. Kxd6 Bb1 0-1

[Event "SRB-chT 1st League CS"]
[Site "Banja Vrujci"]
[Date "2022.10.09"]
[Round "11.4"]
[White "Rabrenovic, Vladan"]
[Black "Radosavljevic, Slobodan D"]
[Result "1/2-1/2"]
[WhiteElo "2257"]
[BlackElo "2069"]
[PlyCount "75"]
[EventDate "2022.10.01"]
[EventType "team-tourn"]
[EventRounds "11"]
[EventCountry "SRB"]
[SourceTitle "CBM 210 Extra"]
[Source "ChessBase"]
[SourceDate "2022.11.30"]
[SourceVersion "1"]
[SourceVersionDate "2022.11.30"]
[SourceQuality "1"]
[WhiteTeam "Gornji Milanovac Metalac"]
[BlackTeam "Jagodina Kablovi"]
[WhiteTeamCountry "SRB"]
[BlackTeamCountry "SRB"]

1. d4 Nf6 2. c4 c5 3. d5 g6 4. Nc3 Bg7 5. e4 d6 6. h3 0-0 7. Bd3 e6 8. Nge2 exd5 9. exd5 Nfd7 10. f4 f5 11. 0-0 Na6 12. a3 Nf6 13. Bd2 Re8 14. Qc2 Nc7 15. Rab1 b5 16. b4 cxb4 17. axb4 bxc4 18. Bxc4 Bb7 19. Qd3 Kh8 20. Ng3 Nd7 21. Rfd1 Nb6 22. Ba2 Qf6 23. Nge2 Re7 24. Be3 Rae8 25. Bd4 Qf7 26. Rbc1 Bxd4+ 27. Nxd4 Qf6 28. Nc6 Re3 29. Qd2 Qh4 30. Qd4+ Kg8 31. Rd3 Rxd3 32. Qxd3 Qxf4 33. Qd1 Kg7 34. b5 a6 35. bxa6 Bxa6 36. Qd4+ Qxd4+ 37. Nxd4 Re7 38. Rb1 1/2-1/2

[Event "SRB-chT 1st League CS"]
[Site "Banja Vrujci"]
[Date "2022.10.04"]
[Round "5.2"]
[White "Rabrenovic, Vladan"]
[Black "Jovanovic, Dusan D"]
[Result "1/2-1/2"]
[WhiteElo "2257"]
[BlackElo "2389"]
[PlyCount "27"]
[EventDate "2022.10.01"]
[EventType "team-tourn"]
[EventRounds "11"]
[EventCountry "SRB"]
[SourceTitle "CBM 210 Extra"]
[Source "ChessBase"]
[SourceDate "2022.11.30"]
[SourceVersion "1"]
[SourceVersionDate "2022.11.30"]
[SourceQuality "1"]
[WhiteTeam "Gornji Milanovac Metalac"]
[BlackTeam "Kostolac Rudar"]
[WhiteTeamCountry "SRB"]
[BlackTeamCountry "SRB"]

1. d4 Nf6 2. c4 e6 3. Nc3 Bb4 4. g3 0-0 5. Bg2 d6 6. Nf3 Bxc3+ 7. bxc3 Nc6 8. 0-0 e5 9. Ne1 Re8 10. Nc2 Bf5 11. Bg5 Bxc2 12. Qxc2 exd4 13. Bxc6 bxc6 14. cxd4 1/2-1/2

[Event "Novi Sad Serbia op-A"]
[Site "Novi Sad"]
[Date "2022.06.30"]
[Round "3"]
[White "Rabrenovic, Vladan"]
[Black "Stremavicius, Titas"]
[Result "1/2-1/2"]
[WhiteElo "2277"]
[BlackElo "2532"]
[PlyCount "61"]
[EventDate "2022.06.28"]
[EventType "swiss"]
[EventRounds "9"]
[EventCountry "SRB"]
[SourceTitle "EXT 2023"]
[Source "ChessBase"]
[SourceDate "2022.10.05"]
[SourceVersion "1"]
[SourceVersionDate "2022.10.05"]
[SourceQuality "1"]

1. d4 d5 2. Bf4 c5 3. e3 cxd4 4. exd4 Nc6 5. c3 f6 6. Nf3 g5 7. Bg3 Bg7 8. Be2 h5 9. h3 Nh6 10. Nfd2 h4 11. Bh2 0-0 12. Bf3 f5 13. Qb3 e6 14. Be2 a6 15. a4 Kh8 16. f4 g4 17. Bg1 Bf6 18. Qd1 Rg8 19. Be3 Qe8 20. a5 Bd7 21. Nb3 Nd8 22. Bf2 Bb5 23. Nc5 Qg6 24. Bxb5 axb5 25. Nd2 g3 26. Be3 Nhf7 27. 0-0 Nd6 28. Qe2 Qe8 29. Nf3 Rg7 30. Ne5 Kg8 31. b3 1/2-1/2

[Event "SRB-chT 1st League CS"]
[Site "Bajina Basta"]
[Date "2021.09.30"]
[Round "7.4"]
[White "Rabrenovic, Vladan"]
[Black "Vlajkovic, Stanko"]
[Result "0-1"]
[WhiteElo "2317"]
[BlackElo "2202"]
[PlyCount "110"]
[EventDate "2021.09.26"]
[EventType "team-tourn"]
[EventRounds "11"]
[EventCountry "SRB"]
[SourceTitle "EXT 2023"]
[Source "ChessBase"]
[SourceDate "2022.10.05"]
[SourceVersion "1"]
[SourceVersionDate "2022.10.05"]
[SourceQuality "1"]
[WhiteTeam "Cacak Borac"]
[BlackTeam "Arandjelovac"]
[WhiteTeamCountry "SRB"]
[BlackTeamCountry "SRB"]

1. d4 Nf6 2. Nf3 e6 3. c4 b6 4. Nc3 Bb7 5. a3 Be7 6. d5 0-0 7. e4 exd5 8. cxd5 Re8 9. Bd3 c6 10. 0-0 d6 11. Nd4 h6 12. Nf5 Bf8 13. Bf4 Nbd7 14. Bc2 Ne5 15. Re1 a6 16. dxc6 Bxc6 17. Qd4 Qc7 18. Bb3 Rad8 19. Rac1 Qb8 20. h3 b5 21. Ba2 Bd7 22. Ng3 Bxh3 23. Qd1 Bd7 24. Nd5 Nxd5 25. Bxd5 Rc8 26. Qb3 Be6 27. Nf5 Bxd5 28. exd5 Ng6 29. Bg3 Qb6 30. Red1 Rc5 31. Re1 Qd8 32. Rcd1 Rxe1+ 33. Rxe1 Qg5 34. Qd3 Rc1 35. Rxc1 Qxc1+ 36. Kh2 Qxb2 37. f4 Qc1 38. Ne3 Qc5 39. Nc2 Be7 40. Nb4 a5 41. Nc6 Bh4 42. f5 Bxg3+ 43. Kxg3 Nf8 44. Nxa5 Nd7 45. Nc6 Nf6 46. Nb4 h5 47. Kf3 Qc1 48. Qxb5 Qxa3+ 49. Nd3 Qc3 50. Ke2 Qd4 51. Qb8+ Kh7 52. Qxd6 Qe4+ 53. Kd2 Qxg2+ 54. Ke1 Qe4+ 55. Kd2 Qxf5 0-1

[Event "SRB-chT 1st League CS"]
[Site "Bajina Basta"]
[Date "2021.09.26"]
[Round "1.4"]
[White "Rabrenovic, Vladan"]
[Black "Rajkovic, Dusan"]
[Result "1/2-1/2"]
[WhiteElo "2317"]
[BlackElo "2248"]
[PlyCount "52"]
[EventDate "2021.09.26"]
[EventType "team-tourn"]
[EventRounds "11"]
[EventCountry "SRB"]
[SourceTitle "EXT 2023"]
[Source "ChessBase"]
[SourceDate "2022.10.05"]
[SourceVersion "1"]
[SourceVersionDate "2022.10.05"]
[SourceQuality "1"]
[WhiteTeam "Cacak Borac"]
[BlackTeam "Smederevska Palanka Jasenica"]
[WhiteTeamCountry "SRB"]
[BlackTeamCountry "SRB"]

1. d4 Nf6 2. Nf3 e6 3. Bf4 c5 4. e3 b6 5. Nbd2 cxd4 6. exd4 Be7 7. Bb5 0-0 8. 0-0 Bb7 9. a4 Nh5 10. Be3 f5 11. Nb3 Nf6 12. a5 Nd5 13. Bd2 Na6 14. Ne5 Nf6 15. c4 Nc7 16. a6 Be4 17. f3 Nxb5 18. fxe4 Nd6 19. exf5 Nxf5 20. Qe2 Rc8 21. g4 Nd6 22. g5 Nfe4 23. Rxf8+ Bxf8 24. h4 Nxd2 25. Nxd2 Nf5 26. Ndf3 Qc7 1/2-1/2

[Event "SRB-chT 1st League"]
[Site "Bajina Basta"]
[Date "2020.10.15"]
[Round "8.6"]
[White "Rabrenovic, Vladan"]
[Black "Ivanovic, Marko"]
[Result "1-0"]
[WhiteElo "2302"]
[BlackElo "2277"]
[PlyCount "79"]
[EventDate "2020.10.10"]
[EventType "team-tourn"]
[EventRounds "11"]
[EventCountry "SRB"]
[SourceTitle "CBM 198 Extra"]
[Source "ChessBase"]
[SourceDate "2020.11.30"]
[SourceVersion "1"]
[SourceVersionDate "2020.11.30"]
[SourceQuality "1"]
[WhiteTeam "Gorni Milanovac"]
[BlackTeam "Kostolac Rudar"]
[WhiteTeamCountry "SRB"]
[BlackTeamCountry "SRB"]

1. d4 d6 2. Nf3 Nf6 3. Nbd2 Nbd7 4. e4 e5 5. c3 Be7 6. Bd3 c6 7. a4 0-0 8. 0-0 b6 9. Re1 Re8 10. h3 Qc7 11. Nf1 Bf8 12. Ng3 Bb7 13. Bg5 h6 14. Bd2 Rad8 15. Qc2 a6 16. b3 g6 17. Bc1 Bg7 18. dxe5 dxe5 19. Be3 Bf8 20. Nd2 Nc5 21. Bf1 h5 22. b4 Ncd7 23. Be2 c5 24. b5 axb5 25. axb5 h4 26. Ngf1 c4 27. Bg5 Be7 28. Ne3 Nc5 29. Bxf6 Bxf6 30. Bxc4 Rxd2 31. Qxd2 Nxe4 32. Qc2 Nd6 33. Qxg6+ Bg7 34. Qg4 e4 35. Bd5 Bc8 36. Qxh4 Nxb5 37. Bxe4 Nxc3 38. Bh7+ Kh8 39. Nf5 Rxe1+ 40. Rxe1 1-0

[Event "SRB-chT 1st League"]
[Site "Bajina Basta"]
[Date "2020.10.10"]
[Round "1.5"]
[White "Novoselski, Zoran"]
[Black "Rabrenovic, Vladan"]
[Result "1/2-1/2"]
[WhiteElo "2318"]
[BlackElo "2302"]
[PlyCount "120"]
[EventDate "2020.10.10"]
[EventType "team-tourn"]
[EventRounds "11"]
[EventCountry "SRB"]
[SourceTitle "CBM 198 Extra"]
[Source "ChessBase"]
[SourceDate "2020.11.30"]
[SourceVersion "1"]
[SourceVersionDate "2020.11.30"]
[SourceQuality "1"]
[WhiteTeam "Cacak Borac"]
[BlackTeam "Gorni Milanovac"]
[WhiteTeamCountry "SRB"]
[BlackTeamCountry "SRB"]

1. e4 c5 2. Nc3 e6 3. Nf3 a6 4. g3 b5 5. Bg2 Bb7 6. d4 cxd4 7. Nxd4 b4 8. Na4 Nf6 9. Qe2 Qa5 10. b3 Nc6 11. Bb2 Nxd4 12. Bxd4 e5 13. Be3 Be7 14. Rd1 Qc7 15. Nb6 Rb8 16. Nd5 Nxd5 17. exd5 d6 18. Be4 0-0 19. g4 Bc8 20. Rg1 Bh4 21. Rd3 Qe7 22. Bd2 Bg5 23. h4 Bxd2+ 24. Qxd2 f5 25. gxf5 Bxf5 26. Bxf5 Rxf5 27. Rg4 Rf4 28. Rdg3 Rbf8 29. Qe2 a5 30. h5 R8f7 31. h6 g6 32. Rxf4 exf4 33. Rh3 Qxe2+ 34. Kxe2 Rc7 35. Kd2 Rc5 36. c4 bxc3+ 37. Rxc3 Rxd5+ 38. Rd3 Rb5 39. Rxd6 g5 40. Rd7 a4 41. Kc3 axb3 42. axb3 Rb6 43. Rg7+ Kh8 44. Rxg5 Rxh6 45. b4 Rh3+ 46. Kd4 Rf3 47. Rg2 h5 48. b5 Kh7 49. Kc4 Ra3 50. b6 Ra2 51. Rg5 Kh6 52. Rb5 Ra8 53. b7 Rb8 54. Kd4 h4 55. Ke4 h3 56. Kf3 Kg6 57. Kg4 h2 58. Rg5+ Kf6 59. Rh5 Rxb7 60. Kxf4 Rb4+ 1/2-1/2

[Event "Djenovici TS10 IM 3rd"]
[Site "Djenovici"]
[Date "2019.10.26"]
[Round "8"]
[White "Rabrenovic, Vladan"]
[Black "Suta, Andraz"]
[Result "1-0"]
[WhiteElo "2335"]
[BlackElo "2277"]
[PlyCount "77"]
[EventDate "2019.10.19"]
[EventType "tourn"]
[EventRounds "9"]
[EventCountry "MNE"]
[EventCategory "1"]
[SourceTitle "CBM 192 Extra"]
[Source "Chessbase"]
[SourceDate "2019.11.06"]
[SourceVersion "1"]
[SourceVersionDate "2019.11.06"]
[SourceQuality "1"]

1. d4 Nf6 2. c4 e6 3. Nc3 Bb4 4. g3 c5 5. Nf3 b5 6. cxb5 a6 7. bxa6 cxd4 8. Nxd4 0-0 9. Bg2 d5 10. 0-0 Bxa6 11. Bd2 e5 12. Nc2 Bxc3 13. Bxc3 Nc6 14. Ne3 d4 15. Bxc6 Rc8 16. Qa4 Qb6 17. Bb4 dxe3 18. Bxf8 Bxe2 19. b4 Kxf8 20. b5 exf2+ 21. Rxf2 Ng4 22. Raf1 Rd8 23. h3 Nxf2 24. Rxf2 Qe3 25. Kg2 Bd3 26. Qb4+ Kg8 27. Qe7 Be4+ 28. Bxe4 Qxe4+ 29. Kh2 Rf8 30. Qc5 f5 31. Rc2 Qe1 32. Qc4+ Kh8 33. Qf7 Qb4 34. Qc4 Qe1 35. Qe2 Qa1 36. b6 f4 37. gxf4 Qb1 38. Rb2 Qc1 39. Qxe5 1-0